[Event "56th World U20 ch"]
[Site "Tarvisio ITA"]
[Date "2017.11.15"]
[Round "3.44"]
[White "Peng Xiongjian"]
[Black "Peng Hongchi"]
[Result "1/2-1/2"]
[WhiteElo "2412"]
[BlackElo "2223"]
[EventDate "2017.11.13"]
[PlyCount "111"]

1.Nf3 Nf6 2.d4 g6 3.Nbd2 d5 4.e3 Bg7 5.b4 O-O 6.Bb2 b6 7.Be2 Bb7 8.a4 a5 
9.b5 Nbd7 10.O-O c5 11.bxc6 Bxc6 12.c4 dxc4 13.Bxc4 Rc8 14.Qb3 e6 15.Rac1 
Re8 16.Rc2 Ne4 17.Rfc1 Bb7 18.Bb5 Rxc2 19.Qxc2 Nxd2 20.Nxd2 Qg5 21.Ne4 Qe7
22.Qd3 Rd8 23.Ba3 Qh4 24.Nd6 Ba8 25.Bxd7 Rxd7 26.Rc8+ Rd8 27.Qc2 Bf8 28.
Nxf7 Kxf7 29.Qc7+ Ke8 30.Bxf8 Rxc8 31.Qxc8+ Qd8 32.Qxd8+ Kxd8 33.f3 Bc6 
34.Kf2 Bxa4 35.Kg3 b5 36.Kf4 Kd7 37.Ke5 b4 38.e4 Bb3 39.d5 exd5 40.exd5 
Bc4 41.f4 Bf1 42.g4 Bh3 43.g5 b3 44.Ba3 Bg2 45.h4 Bf3 46.Bb2 a4 47.Ba3 Bg2
48.f5 gxf5 49.h5 Ke8 50.d6 Bc6 51.g6 hxg6 52.hxg6 Bb5 53.Kxf5 Bc4 54.Ke5 
Kd7 55.Kd4 Bg8 56.Kc5 {...} 1/2-1/2

[Event "56th World U20 ch"]
[Site "Tarvisio ITA"]
[Date "2017.11.15"]
[Round "3.45"]
[White "Silva, David"]
[Black "Keymer, Vincent"]
[Result "0-1"]
[WhiteElo "2285"]
[BlackElo "2405"]
[EventDate "2017.11.13"]
[PlyCount "74"]

1.e4 c5 2.Nf3 e6 3.g3 Nc6 4.Bg2 Nf6 5.Qe2 e5 6.O-O Be7 7.d3 O-O 8.c3 Re8 
9.Na3 h6 10.Nc4 Bf8 11.Ne3 d5 12.Nd2 Be6 13.Qf3 Ne7 14.Re1 d4 15.Nf5 Nxf5 
16.exf5 Bd5 17.Ne4 Bxe4 18.dxe4 d3 19.Rd1 c4 20.a4 Qb6 21.b4 cxb3 22.Bb2 
Rad8 23.g4 Be7 24.Bf1 d2 25.h4 Nd7 26.Bc4 Bxh4 27.a5 Qc5 28.Bxb3 Bg5 29.
Ba3 Qc7 30.Bd5 Nf6 31.c4 Nxd5 32.cxd5 Qc4 33.Rab1 $11 Rc8 34.d6 Qd4 35.f6 
Rc3 36.Qf5 Rg3+ 37.Kh1 Rxa3 0-1

[Event "56th World U20 ch"]
[Site "Tarvisio ITA"]
[Date "2017.11.15"]
[Round "3.46"]
[White "Bersamina, Paulo"]
[Black "Signorelli, Gaetano"]
[Result "1-0"]
[WhiteElo "2404"]
[BlackElo "2193"]
[EventDate "2017.11.13"]
[PlyCount "49"]

1.Nf3 f5 2.d3 d6 3.e4 e5 4.Nc3 c5 5.g3 Nc6 6.Bg2 Be7 7.O-O Nf6 8.Nh4 fxe4 
9.dxe4 Nd4 10.Ne2 Qb6 11.c3 Nc6 12.Nf5 Bxf5 13.exf5 O-O-O 14.c4 Nd4 15.
Nxd4 cxd4 16.a4 Rd7 17.a5 Qa6 18.Bg5 Ng8 19.b4 d5 20.b5 Qd6 21.c5 Qb8 22.
c6 bxc6 23.bxc6 Rc7 24.Bxe7 Nxe7 25.Qg4 1-0

[Event "56th World U20 ch"]
[Site "Tarvisio ITA"]
[Date "2017.11.15"]
[Round "3.47"]
[White "Milosevic, Milos"]
[Black "Bakhmatsky, Vladislav"]
[Result "0-1"]
[WhiteElo "2249"]
[BlackElo "2404"]
[EventDate "2017.11.13"]
[PlyCount "76"]

1.e4 c5 2.Nf3 d6 3.Bb5+ Nd7 4.d4 Nf6 5.O-O cxd4 6.Qxd4 e5 7.Qd3 h6 8.c4 a6
9.Bxd7+ Bxd7 10.Nc3 b5 11.cxb5 axb5 12.Nxb5 Qb8 13.Nc3 Be7 14.Nd2 O-O 15.
Nc4 Bc6 16.Ne3 Rc8 17.Nf5 Bf8 18.Qg3 Kh7 19.Qh4 Ng8 20.f4 g6 21.Ne3 exf4 
22.Rxf4 Ra7 23.Qf2 Bg7 24.h4 h5 25.g4 Nh6 26.g5 Ng4 27.Nxg4 hxg4 28.h5 Kg8
29.h6 g3 30.Qf3 Be5 31.Rf6 Qb6+ 32.Kg2 Rb8 33.h7+ Kg7 34.b3 Qd4 35.Be3 
Qxc3 36.Bxa7 Qxf3+ 37.Kxf3 Bxa1 38.Kxg3 Bxf6 0-1

[Event "56th World U20 ch"]
[Site "Tarvisio ITA"]
[Date "2017.11.15"]
[Round "3.48"]
[White "Huber, Martin Christian"]
[Black "Bayramov, Elkhan"]
[Result "0-1"]
[WhiteElo "2396"]
[BlackElo "2065"]
[EventDate "2017.11.13"]
[PlyCount "80"]

1.Nf3 f5 2.d3 d6 3.e4 Nf6 4.Nc3 Nc6 5.exf5 Bxf5 6.d4 Qd7 7.Bc4 e6 8.O-O d5
9.Bb5 Bd6 10.Re1 O-O 11.Ne5 Qe8 12.f3 Bxe5 13.Rxe5 Qg6 14.Re2 Nb4 15.Ba4 
h5 16.Bf4 Rf7 17.a3 Nc6 18.Bg3 Na5 19.Bb5 a6 20.Bd3 Bxd3 21.cxd3 Re8 22.
Kh1 Nc6 23.Bf2 h4 24.Qd2 h3 25.Rg1 Qf5 26.gxh3 Qxf3+ 27.Rg2 Qxh3 28.Re3 
Qh6 29.Rgg3 Nh5 30.Rh3 Ref8 31.Bg1 Nxd4 32.Qg2 Nf5 33.Re5 Qf6 34.Qg4 Nhg3+
35.hxg3 Qxe5 36.Ne2 Rf6 37.Nf4 Nxg3+ 38.Rxg3 Rxf4 39.Qh3 R8f5 40.Qg2 Rh4+ 
0-1

[Event "56th World U20 ch"]
[Site "Tarvisio ITA"]
[Date "2017.11.15"]
[Round "3.49"]
[White "Bezuidenhout, Roland"]
[Black "Wang Tongsen"]
[Result "0-1"]
[WhiteElo "2118"]
[BlackElo "2396"]
[EventDate "2017.11.13"]
[PlyCount "68"]

1.Nf3 d5 2.g3 Nf6 3.Bg2 c5 4.O-O Nc6 5.d4 e6 6.c4 dxc4 7.dxc5 Bxc5 8.Qa4 
O-O 9.Qxc4 Qd5 10.Qh4 Be7 11.Nc3 Qa5 12.Bd2 h6 13.Qc4 e5 14.Ne4 Qc7 15.Bc3
Be6 16.Nxf6+ Bxf6 17.Qa4 Rac8 18.Rfd1 Qb8 19.Nd2 Be7 20.a3 Rfd8 21.Qb5 a6 
22.Qb6 Nd4 23.Bxd4 Rxd4 24.Kf1 Bc5 25.Qa5 Qd6 26.Bxb7 Rd8 27.Kg2 Qb6 28.
Qxb6 Bxb6 29.Bxa6 Rxd2 30.Rxd2 Rxd2 31.a4 Rxb2 32.a5 Ba7 33.Rd1 Kf8 34.
Rd8+ Ke7 0-1

[Event "56th World U20 ch"]
[Site "Tarvisio ITA"]
[Date "2017.11.15"]
[Round "3.50"]
[White "Mohammad, Nubairshah Shaikh"]
[Black "Hiebert, Kenji"]
[Result "1-0"]
[WhiteElo "2394"]
[BlackElo "2017"]
[EventDate "2017.11.13"]
[PlyCount "69"]

1.d4 Nf6 2.c4 e6 3.Nc3 Bb4 4.Qc2 O-O 5.Nf3 c5 6.dxc5 Na6 7.g3 Nxc5 8.Bg2 
Nce4 9.O-O Nxc3 10.bxc3 Be7 11.e4 d6 12.e5 dxe5 13.Nxe5 Qc7 14.Qe2 Bd6 15.
Bf4 Nd7 16.Nxd7 Bxd7 17.Bxd6 Qxd6 18.Bxb7 Rab8 19.Rab1 Bc8 20.Qe4 Qa3 21.
Rfd1 Qxc3 22.Bc6 Ba6 23.Rbc1 Qb4 24.c5 Rfc8 25.Qxb4 Rxb4 26.Bd7 Rf8 27.c6 
Rbb8 28.c7 Ra8 29.Bc6 Rac8 30.Bf3 Rce8 31.Bc6 Rc8 32.Bd7 Ra8 33.Rd2 Bb7 
34.Rb2 Ba6 35.Rbc2 1-0

[Event "56th World U20 ch"]
[Site "Tarvisio ITA"]
[Date "2017.11.15"]
[Round "3.51"]
[White "Lopez Gonzalez, Abel Fabian"]
[Black "Willathgamuwa, Kevin"]
[Result "0-1"]
[WhiteElo "2384"]
[BlackElo "1996"]
[EventDate "2017.11.13"]
[PlyCount "98"]

1.b3 d5 2.Bb2 Nf6 3.e3 g6 4.Bxf6 exf6 5.d4 Bg7 6.g3 O-O 7.Bg2 f5 8.Ne2 Be6
9.c4 c6 10.Qd3 Na6 11.O-O Nc5 12.Qc2 Ne4 13.cxd5 Bxd5 14.f3 Ng5 15.Nbc3 
Re8 16.h4 Ne6 17.Rad1 Nc7 18.e4 Be6 19.e5 h5 20.f4 Qe7 21.Rd3 Red8 22.Rfd1
Qb4 23.Qd2 Rd7 24.Qc1 Rad8 25.a3 Qxb3 26.Ne4 Qb6 27.Nc5 Re7 28.Qc2 Nd5 29.
Rb1 Qc7 30.Rxb7 Qa5 31.Kf2 Rde8 32.Nc1 Rxb7 33.Nxb7 Qc7 34.Nd6 Rb8 35.Nb3 
Bf8 36.Qc5 Rd8 37.Na5 Bxd6 38.exd6 Rxd6 39.Rb3 Nb6 40.Re3 Nd7 41.Qc3 Nf6 
42.Re2 Bd5 43.Rb2 Ng4+ 44.Kg1 Bxg2 45.Rb7 Qd8 46.Kxg2 Rxd4 47.Rb8 Qxb8 48.
Qxd4 Qb5 49.Nc4 Qxc4 0-1

[Event "56th World U20 ch"]
[Site "Tarvisio ITA"]
[Date "2017.11.15"]
[Round "3.52"]
[White "Taalaibekov, Tagir"]
[Black "Schoppen, Casper"]
[Result "0-1"]
[WhiteElo "2219"]
[BlackElo "2432"]
[EventDate "2017.11.13"]
[PlyCount "170"]

1.d4 Nf6 2.Nf3 e6 3.c4 b6 4.a3 Bb7 5.Nc3 d5 6.cxd5 exd5 7.Bf4 Bd6 8.Bg3 
O-O 9.e3 Bxg3 10.hxg3 Nbd7 11.Bd3 Qe7 12.Bf5 g6 13.Bxd7 Nxd7 14.Qb3 Nf6 
15.Kf1 c5 16.Rh4 Rad8 17.Kg1 c4 18.Qc2 a6 19.Ne5 b5 20.Kh2 Nd7 21.Nf3 Rfe8
22.Rh1 f6 23.Kg1 Nf8 24.g4 Bc8 25.g5 fxg5 26.Rh6 Rd6 27.Ne5 Qf6 28.f3 g4 
29.f4 Bf5 30.Qd2 Rb8 31.Nd1 Qd8 32.g3 a5 33.R1h4 b4 34.axb4 axb4 35.Nxg4 
Ra6 36.Ne5 Ra1 37.Kf2 Rb7 38.g4 Be4 39.Kg3 c3 40.bxc3 b3 41.Nd3 Qb8 42.
N3b2 g5 43.Rh2 Ng6 44.R6h5 gxf4+ 45.exf4 Rf7 46.Rf2 Ra6 47.Re5 Raf6 48.Nd3
Bxd3 49.Qxd3 Rxf4 50.Rxf4 Nxf4 51.Qe3 Ng6 52.Qg5 Kh8 53.Kh3 Nxe5 54.dxe5 
Qg8 55.Qe3 Qg6 56.e6 Re7 57.Qe5+ Kg8 58.Qb8+ Re8 59.Qxb3 Qxe6 60.Nf2 Qf7 
61.Kg2 Rf8 62.Qa2 Qf3+ 63.Kg1 Kh8 64.Qd2 Rf4 65.Qb2 Kg8 66.Qb8+ Rf8 67.Qb2
Qg3+ 68.Kf1 Qxg4 69.Qd2 Qf5 70.Qd4 h5 71.Kg2 Qf3+ 72.Kg1 Kh7 73.Qc5 Qxf2+ 
74.Qxf2 Rxf2 75.Kxf2 Kg6 76.Ke3 Kf5 77.Kd4 h4 78.Kxd5 h3 79.c4 h2 80.c5 
h1=Q+ 81.Kd6 Qd1+ 82.Kc7 Ke6 83.c6 Qb3 84.Kc8 Kd6 85.c7 Qb5 0-1

[Event "56th World U20 ch"]
[Site "Tarvisio ITA"]
[Date "2017.11.15"]
[Round "3.53"]
[White "Pangilinan, Stephen Rome"]
[Black "Saiyn, Zhanat"]
[Result "1-0"]
[WhiteElo "2183"]
[BlackElo "2374"]
[EventDate "2017.11.13"]
[PlyCount "77"]

1.c4 g6 2.g3 Bg7 3.Bg2 Nf6 4.Nc3 O-O 5.d4 c5 6.e3 Nc6 7.Nge2 cxd4 8.exd4 
d5 9.Nxd5 Nxd5 10.cxd5 Na5 11.b3 Bg4 12.O-O Bxe2 13.Qxe2 Bxd4 14.Rb1 Rc8 
15.Ba3 Re8 16.Rbd1 Bc3 17.Rc1 b6 18.d6 exd6 19.Qd3 Qf6 20.b4 Bd4 21.bxa5 
Rxc1 22.Bxc1 Re1 23.Qf3 Qe6 24.Bh6 Rxf1+ 25.Kxf1 Qc4+ 26.Kg1 Qc8 27.a6 Bg7
28.Bxg7 Kxg7 29.Qb7 Qc1+ 30.Bf1 d5 31.Qxa7 d4 32.Qxb6 Qa1 33.a7 Qxa2 34.
Qxd4+ f6 35.Qd7+ Kh6 36.Qb7 Kh5 37.a8=Q h6 38.Qf3+ Kg5 39.h4# 1-0

[Event "56th World U20 ch"]
[Site "Tarvisio ITA"]
[Date "2017.11.15"]
[Round "3.54"]
[White "Sidhant, Mohapatra"]
[Black "Favaloro, Andrea"]
[Result "1-0"]
[WhiteElo "2371"]
[BlackElo "2260"]
[EventDate "2017.11.13"]
[PlyCount "85"]

1.g3 d5 2.Nf3 c6 3.Bg2 Bg4 4.O-O Nd7 5.d3 e6 6.Nbd2 Bd6 7.Qe1 Ne7 8.e4 O-O
9.h3 Bh5 10.Nh4 e5 11.g4 Bg6 12.Kh1 Nc5 13.Nf5 f6 14.Nf3 Bf7 15.N3h4 Ne6 
16.Nxe7+ Bxe7 17.Nf5 d4 18.f4 Nxf4 19.Bxf4 exf4 20.Rxf4 Bd6 21.Nxd6 Qxd6 
22.Qf2 Be6 23.Rf1 Rac8 24.b3 b6 25.h4 h6 26.Bh3 c5 27.Kg2 Qe5 28.Qg3 Rce8 
29.g5 Bxh3+ 30.Kxh3 hxg5 $11 31.hxg5 Qxg5 32.Qxg5 fxg5 33.Rxf8+ Rxf8 34.
Rxf8+ Kxf8 35.Kg4 Ke7 36.Kxg5 Kf7 37.Kf5 Ke7 38.Ke5 Kd7 39.b4 cxb4 40.Kxd4
Ke6 41.Ke3 a5 42.d4 a4 43.Kf4 1-0

[Event "56th World U20 ch"]
[Site "Tarvisio ITA"]
[Date "2017.11.15"]
[Round "3.55"]
[White "Krishna Teja, N."]
[Black "Thilakarathne, G. M. H."]
[Result "1-0"]
[WhiteElo "2363"]
[BlackElo "2141"]
[EventDate "2017.11.13"]
[PlyCount "121"]

1.d4 Nf6 2.c4 e6 3.Nc3 Bb4 4.Qc2 O-O 5.Nf3 d5 6.a3 Bxc3+ 7.Qxc3 b6 8.Bg5 
dxc4 9.Qxc4 Ba6 10.Bxf6 Qxf6 11.Qxc7 Rc8 12.Qd6 Rd8 13.Qb4 Nc6 14.Qa4 Rac8
15.Rd1 Bc4 16.e3 Bd5 17.Be2 Na5 18.Qb4 Rc2 19.Bd3 Rc7 20.e4 Bb3 21.Ra1 Bc4
22.Bxc4 Rxc4 23.Qb5 Qg6 24.O-O Qxe4 25.b4 Rc3 26.bxa5 Rxf3 27.gxf3 Qxf3 
28.Rfd1 Qg4+ 29.Kf1 Qh3+ 30.Ke2 Qg4+ 31.Ke1 Qe4+ 32.Qe2 Qh1+ 33.Kd2 Qd5 
34.axb6 axb6 35.Qe3 g6 36.Ke2 Qb5+ 37.Ke1 Qa5+ 38.Rd2 Rd5 39.Rc1 Kg7 40.
Rc7 Qb5 41.Qxe6 Rf5 42.Qe3 Qd5 43.Re7 Qh1+ 44.Ke2 Qxh2 45.Re5 Rf6 46.d5 
Rxf2+ 47.Qxf2 Qxe5+ 48.Kd3 f6 49.Qe3 Qd6 50.Kc2 h5 51.Qc3 Kh6 52.Qb4 Qc7+ 
53.Kb1 Qe5 54.d6 Qf5+ 55.Ka2 Qe6+ 56.Qb3 Qd7 57.Qe3+ g5 58.Qe7 Qb5 59.
Qxf6+ Kh7 60.Qf7+ Kh6 61.d7 1-0

[Event "56th World U20 ch"]
[Site "Tarvisio ITA"]
[Date "2017.11.15"]
[Round "3.56"]
[White "Bischofberger, Dario"]
[Black "Tran Minh Thang"]
[Result "1-0"]
[WhiteElo "2108"]
[BlackElo "2361"]
[EventDate "2017.11.13"]
[PlyCount "61"]

1.d4 Nf6 2.c4 g6 3.g3 Bg7 4.Bg2 d5 5.Nf3 O-O 6.O-O dxc4 7.Na3 c3 8.bxc3 c5
9.Ne5 Nfd7 10.Nac4 Nxe5 11.Nxe5 Bxe5 12.dxe5 Qc7 13.f4 Rd8 14.Qc2 Nc6 15.
Be3 Na5 16.Rad1 Bf5 17.Qc1 Nc4 18.Bf2 Rdc8 19.h3 Bd7 20.g4 Bc6 21.e4 b6 
22.Bg3 Rd8 23.Kh2 Ba4 24.Rd5 e6 25.Rxd8+ Rxd8 26.f5 Qe7 27.Qh6 Rd2 28.Bh4 
Qf8 29.Qxf8+ Kxf8 30.fxe6 Ne3 31.Rxf7+ 1-0

[Event "56th World U20 ch"]
[Site "Tarvisio ITA"]
[Date "2017.11.15"]
[Round "3.57"]
[White "Tutisani, Noe"]
[Black "Lumachi, Gabriele"]
[Result "1-0"]
[WhiteElo "2361"]
[BlackElo "2111"]
[EventDate "2017.11.13"]
[PlyCount "79"]

1.c4 e5 2.g3 Nc6 3.Bg2 f5 4.Nc3 Nf6 5.a3 Be7 6.e3 O-O 7.Nge2 d6 8.d4 Qe8 
9.Nd5 Bd8 10.b4 Bd7 11.Ndc3 Rb8 12.c5 exd4 13.exd4 Ne4 14.O-O Nxc3 15.Nxc3
dxc5 16.bxc5 Bf6 17.Nb5 g5 18.Rb1 Rc8 19.d5 Ne5 20.Nxa7 Ba4 21.Qe2 Ra8 22.
Nb5 Bxb5 23.Rxb5 g4 24.Rxb7 Qh5 25.f4 gxf3 26.Bxf3 Nxf3+ 27.Qxf3 Bd4+ 28.
Kg2 Qxf3+ 29.Rxf3 Bxc5 30.Rxc7 Bd6 31.Rc6 Rfd8 32.Rxf5 Bxa3 33.Bg5 Rd6 34.
Bf4 Rd7 35.Rc7 Rad8 36.Rxd7 Rxd7 37.Kf3 Bd6 38.Bxd6 Rxd6 39.Ke4 Kg7 40.Ke5
{... 52 moves} 1-0

[Event "56th World U20 ch"]
[Site "Tarvisio ITA"]
[Date "2017.11.15"]
[Round "3.58"]
[White "Sadhwani, Raunak"]
[Black "Gomez Barrera, Gonzalo Andres"]
[Result "1-0"]
[WhiteElo "2339"]
[BlackElo "1741"]
[EventDate "2017.11.13"]
[PlyCount "51"]

1.e4 e5 2.Nf3 Nc6 3.Bb5 a6 4.Ba4 Nf6 5.O-O Be7 6.Re1 b5 7.Bb3 d6 8.c3 O-O 
9.h3 Bb7 10.d4 Re8 11.Ng5 Rf8 12.Nf3 Re8 13.Nbd2 Bf8 14.Bc2 g6 15.d5 Ne7 
16.Nf1 Nxe4 17.Bxe4 f5 18.Bc2 Bxd5 19.Bb3 Bxb3 20.Qxb3+ Kh8 21.Ng5 Qd7 22.
Qf7 Bg7 23.Ne6 Rg8 24.Bg5 Qe8 25.Qxe8 Raxe8 26.Nxc7 1-0

[Event "56th World U20 ch"]
[Site "Tarvisio ITA"]
[Date "2017.11.15"]
[Round "3.59"]
[White "Piyumantha, M. Sasith Nipun"]
[Black "Chen, Richard"]
[Result "1/2-1/2"]
[WhiteElo "2032"]
[BlackElo "2309"]
[EventDate "2017.11.13"]
[PlyCount "55"]

1.d4 d5 2.c4 e6 3.Nf3 Nf6 4.g3 Bb4+ 5.Bd2 Be7 6.Bg2 c6 7.Qc2 Nbd7 8.O-O b6
9.Ne5 Nxe5 10.dxe5 Nd7 11.Bc3 Bb7 12.cxd5 cxd5 13.e4 dxe4 14.Nd2 Qc7 15.
Bxe4 Bxe4 16.Qxe4 O-O 17.Nb3 Rfd8 18.Rfd1 Nc5 19.Nxc5 Bxc5 20.Rac1 Rxd1+ 
21.Rxd1 Rd8 22.Rxd8+ Qxd8 23.a3 a5 24.Kg2 h6 25.b4 axb4 26.axb4 Bf8 27.Qc4
Qa8+ 28.Kg1 {...} 1/2-1/2

[Event "56th World U20 ch"]
[Site "Tarvisio ITA"]
[Date "2017.11.15"]
[Round "3.60"]
[White "Terryn, Ezra"]
[Black "Nie Xinyang"]
[Result "0-1"]
[WhiteElo "1987"]
[BlackElo "2288"]
[EventDate "2017.11.13"]
[PlyCount "80"]

1.e4 d5 2.exd5 Qxd5 3.Nc3 Qa5 4.d4 c6 5.Bc4 Bf5 6.Bd2 e6 7.Qe2 Qc7 8.Nf3 
Nf6 9.O-O-O b5 10.Bb3 a5 11.Nh4 Bg4 12.f3 a4 13.fxg4 axb3 14.cxb3 Be7 15.
Kb1 b4 16.Na4 Nbd7 17.Rhe1 Nd5 18.Nf3 N7b6 19.Ne5 Nxa4 20.bxa4 Rxa4 21.Qc4
O-O 22.Nxc6 Bd6 23.b3 Raa8 24.Rc1 Rfc8 25.Qd3 Bf4 26.Bxf4 Qxf4 27.Qf3 Qd6 
28.Ne5 Nc3+ 29.Rxc3 bxc3 30.Qxf7+ Kh8 31.Qf2 Rf8 32.Qe3 c2+ 33.Kxc2 Rxa2+ 
34.Kc1 Qa6 35.Qc3 Rxg2 36.Ng6+ hxg6 37.Qh3+ Kg8 38.Qxg2 Ra8 39.Re2 Qd3 {
... 45 moves} 40.Rc2 Qxb3 0-1

[Event "56th World U20 ch"]
[Site "Tarvisio ITA"]
[Date "2017.11.15"]
[Round "3.61"]
[White "Micottis, Dorian"]
[Black "Heinechen, Juan"]
[Result "1-0"]
[WhiteElo "2273"]
[BlackElo "2101"]
[EventDate "2017.11.13"]
[PlyCount "119"]

1.e4 c5 2.Nf3 d6 3.d4 cxd4 4.Nxd4 Nf6 5.Nc3 g6 6.Be3 Bg7 7.f3 O-O 8.Qd2 
Nc6 9.Bc4 Nxd4 10.Bxd4 Be6 11.Bxe6 fxe6 12.O-O-O Qa5 13.Kb1 Rac8 14.h4 Nh5
15.Ne2 Qxd2 16.Rxd2 Bxd4 17.Rxd4 e5 18.Ra4 a6 19.Rb4 b5 20.a4 bxa4 21.Rxa4
Rc6 22.b3 Rfc8 23.c4 Rb8 24.Kc2 Nf4 25.Nxf4 exf4 26.Rha1 Rbb6 27.Ra5 e5 
28.Kc3 Kf7 29.b4 Ke6 30.c5 Kd7 31.Kc4 Ke6 32.R1a2 dxc5 33.Rxc5 Rd6 34.Raa5
Rd4+ 35.Kc3 Rdxb4 36.Rxe5+ Kf6 37.Rec5 Rb3+ 38.Kd2 Re3 39.Rc2 h5 40.Rca2 
Rd6+ 41.Rd5 Rb6 42.Rd3 Rxd3+ 43.Kxd3 Ke6 44.Kd4 Rc6 45.Ra5 Rd6+ 46.Kc5 Rd2
47.Rxa6+ Kf7 48.e5 Rxg2 49.Rf6+ Ke7 50.Kd5 g5 51.hxg5 Rxg5 52.Rxf4 Rg3 53.
Ke4 Rh3 54.Rf6 Rh1 55.Kf5 h4 56.Rh6 h3 57.Rh7+ Kf8 58.Kf6 Kg8 59.Rg7+ Kh8 
60.Rg3 1-0

[Event "56th World U20 ch"]
[Site "Tarvisio ITA"]
[Date "2017.11.15"]
[Round "3.62"]
[White "Chinguun, Bayaraa"]
[Black "Noboa Silva, Kevin"]
[Result "1-0"]
[WhiteElo "1820"]
[BlackElo "2356"]
[EventDate "2017.11.13"]
[PlyCount "135"]

1.d4 e6 2.c4 Bb4+ 3.Bd2 a5 4.Nf3 Nf6 5.e3 O-O 6.a3 Bxd2+ 7.Qxd2 d6 8.Nc3 
a4 9.Bd3 Re8 10.O-O Bd7 11.Bc2 e5 12.Qd1 Nc6 13.Bxa4 Ne7 14.Bxd7 Nxd7 15.
dxe5 dxe5 16.Qc2 Ng6 17.Rfd1 Qc8 18.Qf5 Nf6 19.Qxc8 Raxc8 20.Nd5 Ne4 21.
Rac1 h6 22.Nd2 Ng5 23.b4 Ne6 24.Nb3 Ra8 25.Ra1 f5 26.c5 Red8 27.Na5 Rab8 
28.Nc4 Kf7 29.Nc3 Ke8 30.Kf1 h5 31.Ke2 h4 32.h3 e4 33.Nb5 Ke7 34.Nc3 Ra8 
35.a4 Ke8 36.Nd5 Rxd5 37.Rxd5 Ngf4+ 38.exf4 Nxf4+ 39.Kd2 Nxd5 40.b5 Rd8 
41.Ke1 Nc3 42.b6 Kd7 43.Ne3 f4 44.Nf5 cxb6 45.cxb6 g5 46.Rc1 Nd5 47.a5 Ke6
48.Nd4+ Ke5 49.Nb5 Ra8 50.Na7 Nb4 51.Rc5+ Kd4 52.Rc7 e3 53.fxe3+ fxe3 54.
Rxb7 Nd3+ 55.Kd1 Re8 56.Nc6+ Kc5 57.Re7 e2+ 58.Kxe2 Nf4+ 59.Kd1 Rf8 60.Na7
Rd8+ 61.Kc2 Nd5 62.Rc7+ Kd6 63.Nc8+ Ke5 64.Rc5 Kd4 65.Rxd5+ Rxd5 66.b7 
Rc5+ 67.Kd2 Rb5 68.Nb6 1-0

[Event "56th World U20 ch"]
[Site "Tarvisio ITA"]
[Date "2017.11.15"]
[Round "3.63"]
[White "Brazdzionis, Andrius"]
[Black "Tarini, Goyal"]
[Result "1-0"]
[WhiteElo "2322"]
[BlackElo "2062"]
[EventDate "2017.11.13"]
[PlyCount "89"]

1.Nf3 Nf6 2.c4 e6 3.g3 d5 4.d4 Bb4+ 5.Bd2 Bd6 6.Bg2 O-O 7.O-O c6 8.Qc2 
Nbd7 9.Rd1 Qe7 10.Bf4 Bxf4 11.gxf4 Ne4 12.Nc3 f5 13.e3 Rf6 14.Kh1 Rh6 15.
Nxe4 fxe4 16.Ng5 Rh4 17.cxd5 exd5 18.Bxe4 Nf6 19.Bg2 Ng4 20.h3 Nf6 21.Kh2 
h6 22.Nf3 Rh5 23.Rh1 Bf5 24.Qe2 Qe6 25.Qf1 g5 26.fxg5 hxg5 27.Kg1 Kg7 28.
Ne5 Rah8 29.f4 Bxh3 30.Rxh3 Rxh3 31.f5 Qe8 32.Bxh3 Qh5 33.Qg2 Ne4 34.Bg4 
Qh6 35.Bf3 Nd6 36.Ng4 Qh7 37.f6+ Kf8 38.Qg3 Ne8 39.Qe5 Qf7 40.Rf1 Rh5 41.
Qb8 Rh8 42.Rf2 Rh3 43.Bg2 Rh8 44.Ne5 Qh5 45.f7 1-0

[Event "56th World U20 ch"]
[Site "Tarvisio ITA"]
[Date "2017.11.15"]
[Round "3.64"]
[White "Abdulla, Murad"]
[Black "Zenari, Marco"]
[Result "1-0"]
[WhiteElo "2316"]
[BlackElo "1997"]
[EventDate "2017.11.13"]
[PlyCount "113"]

1.e4 c5 2.Nf3 d6 3.d4 cxd4 4.Nxd4 Nf6 5.Nc3 g6 6.Be3 Bg7 7.f3 O-O 8.Qd2 
Nc6 9.O-O-O d5 10.Qe1 e5 11.Nxc6 bxc6 12.exd5 Nxd5 13.Bc4 Be6 14.Kb1 Nxc3+
15.Qxc3 Qe7 16.Bb3 Bxb3 17.axb3 Qe6 18.Rhe1 a5 19.Bc5 Rfb8 20.Re4 Rb5 21.
Rd6 Qe8 22.Bf2 Rc8 23.Rc4 e4 24.Bd4 Bxd4 25.Rcxd4 exf3 26.gxf3 Re5 27.Rd1 
h5 28.f4 Rf5 29.Re1 Qf8 30.Rxc6 Rxc6 31.Qxc6 Qb4 32.Re4 Qd2 33.Qc3 Qxc3 
34.bxc3 g5 35.fxg5 Rxg5 36.Kc1 Kg7 37.Kd2 f5 38.Re2 f4 39.Rf2 Rf5 40.Kd3 
Kg6 41.Ke4 a4 42.bxa4 Ra5 43.Rxf4 Rxa4+ 44.Ke3 Ra3 45.Kd4 Kg5 46.Re4 Ra2 
47.Re2 Ra8 48.c4 Rd8+ 49.Kc3 Rc8 50.Re5+ Kg4 51.c5 h4 52.Kc4 h3 53.Re2 Kf3
54.Rd2 Rg8 55.c6 Rg2 56.Rd3+ Ke4 57.c7 1-0

[Event "56th World U20 ch"]
[Site "Tarvisio ITA"]
[Date "2017.11.15"]
[Round "3.65"]
[White "Donati, Michele"]
[Black "Tuomainen, Felix"]
[Result "0-1"]
[WhiteElo "1978"]
[BlackElo "2214"]
[EventDate "2017.11.13"]
[PlyCount "98"]

1.c4 b6 2.Nc3 Bb7 3.e4 e6 4.d4 Bb4 5.Qc2 f5 6.exf5 Nc6 7.Nf3 Nf6 8.fxe6 
dxe6 9.a3 Bd6 10.Bg5 Qe7 11.Nb5 O-O-O 12.Be2 h6 13.Be3 Ng4 14.O-O Nxe3 15.
fxe3 g5 16.Nxd6+ Qxd6 17.c5 Qe7 18.b4 g4 19.Ne5 Nxe5 20.dxe5 Qd7 21.Rad1 
Qc6 22.e4 h5 23.Rf6 bxc5 24.bxc5 Rxd1+ 25.Bxd1 Qxe4 26.Qxe4 Bxe4 27.Rxe6 
Rd8 28.Ba4 Rd2 29.Re8+ Kb7 30.e6 Bc6 31.Bxc6+ Kxc6 32.e7 Re2 33.Rh8 Rxe7 
34.Rxh5 Rf7 35.Rg5 Rf4 36.h3 gxh3 37.gxh3 Rf3 38.Kg2 Rxa3 39.h4 Rd3 40.h5 
Rd8 41.Kf3 a5 42.Ke4 a4 43.h6 a3 44.Rg1 Rh8 45.Ra1 Rxh6 46.Kd4 Rh4+ 47.Kc3
Ra4 48.Ra2 Kxc5 49.Ra1 a2 0-1

[Event "56th World U20 ch"]
[Site "Tarvisio ITA"]
[Date "2017.11.15"]
[Round "3.66"]
[White "Sesar, Ivan"]
[Black "Vangsgard, Bjarke"]
[Result "0-1"]
[WhiteElo "2207"]
[BlackElo "1987"]
[EventDate "2017.11.13"]
[PlyCount "90"]

1.e4 c6 2.d4 d5 3.e5 Bf5 4.Nf3 e6 5.Be2 c5 6.Be3 Qb6 7.Nc3 Nc6 8.O-O c4 9.
b3 Bb4 10.Na4 Qa5 11.a3 Be7 12.Bd2 Qa6 13.Nb2 Qb6 14.Na4 Qa6 15.Nc3 Bg4 
16.bxc4 Bxf3 17.Nb5 Bxe2 18.Qxe2 Rc8 19.cxd5 exd5 20.Qg4 Qxb5 21.Qxc8+ Bd8
22.Rab1 Qe2 23.Bg5 Nge7 24.Bxe7 Nxe7 25.Qxb7 O-O 26.c3 Qd3 27.Rfc1 Ng6 28.
Qxd5 Nf4 29.Qc6 Ne2+ 30.Kh1 Nxc1 31.Rxc1 Bg5 32.Ra1 Bd2 33.Rd1 Qe2 34.Rb1 
Qxf2 35.d5 Qf5 36.Rd1 Qxe5 37.c4 Qe2 38.Rb1 Be1 39.h3 Qf1+ 40.Kh2 Bg3+ 41.
Kxg3 Qxb1 42.d6 Qe1+ 43.Kh2 Qe5+ 44.Kh1 Rb8 45.Kg1 Qe3+ 0-1

[Event "56th World U20 ch"]
[Site "Tarvisio ITA"]
[Date "2017.11.15"]
[Round "3.67"]
[White "Cappelletto, Joshuaede"]
[Black "Sezdbekov, Ruslan"]
[Result "0-1"]
[WhiteElo "1920"]
[BlackElo "2188"]
[EventDate "2017.11.13"]
[PlyCount "44"]

1.e4 e5 2.Nf3 Nc6 3.Bc4 Nf6 4.d3 Bc5 5.O-O d6 6.c3 Bg4 7.h3 Bh5 8.a4 a5 9.
Qb3 Qd7 10.Bg5 Bxf3 11.gxf3 Qxh3 12.Qxb7 Qg3+ 13.Kh1 Qxf3+ 14.Kg1 Qg4+ 15.
Kh1 Qh5+ 16.Kg1 Qxg5+ 17.Kh1 O-O 18.Qxc6 Ng4 19.d4 exd4 20.Qxc7 Qf4 21.Kg2
d3 22.Bxd3 Bxf2 0-1

[Event "56th World U20 ch"]
[Site "Tarvisio ITA"]
[Date "2017.11.15"]
[Round "3.68"]
[White "Valente, Joao Nuno Baptista"]
[Black "Li, Henry"]
[Result "0-1"]
[WhiteElo "1897"]
[BlackElo "2168"]
[EventDate "2017.11.13"]
[PlyCount "30"]

1.e4 e5 2.Nf3 Nc6 3.Bb5 f5 4.Nc3 fxe4 5.Nxe4 Nf6 6.Qe2 d5 7.Nxf6+ gxf6 8.
d4 Bg7 9.dxe5 O-O 10.e6 Ne5 11.Bf4 Qd6 12.O-O Bxe6 13.Nd4 c5 14.Nxe6 Qxe6 
15.Bd3 c4 0-1

[Event "56th World U20 ch"]
[Site "Tarvisio ITA"]
[Date "2017.11.15"]
[Round "3.69"]
[White "Miciano, John Marvin"]
[Black "Song Yuxin"]
[Result "0-1"]
[WhiteElo "2151"]
[BlackElo "1951"]
[EventDate "2017.11.13"]
[PlyCount "100"]

1.e4 c5 2.Nf3 d6 3.d4 cxd4 4.Nxd4 Nf6 5.Nc3 a6 6.h3 e5 7.Nde2 b5 8.g4 b4 
9.Nd5 Nxd5 10.exd5 h5 11.g5 Be7 12.Rg1 g6 13.a3 bxa3 14.Rxa3 Nd7 15.Nc3 
Bb7 16.Ne4 Nc5 17.Nxc5 dxc5 18.Bc4 O-O 19.Re3 Bd6 20.Bd2 Re8 21.Qf3 Bc8 
22.Bd3 Qc7 23.Qf6 Bf8 24.Be4 Rb8 25.Bc3 Qd6 26.Rf3 Qxf6 27.gxf6 Kh8 28.Rg5
Bd6 29.Rfg3 h4 30.Rg1 Rb7 31.Kd1 c4 32.f4 Bc5 33.Rf1 Bd4 34.Kd2 Bxh3 35.
Rh1 exf4 36.Bxd4 Rxe4 37.Bc5 Rb5 38.Bf8 Re3 39.Bg7+ Kg8 40.Ra1 Bf5 41.Rgg1
Rxd5+ 42.Kc1 Re2 43.Rxa6 Rxc2+ 44.Kb1 Rd8 45.Ka2 Rb8 46.Rd1 Rcxb2+ 47.Ka1 
Rb1+ 48.Rxb1 Rxb1+ 49.Ka2 Rb8 50.Ra4 h3 0-1

[Event "56th World U20 ch"]
[Site "Tarvisio ITA"]
[Date "2017.11.15"]
[Round "3.70"]
[White "Chan Sheng Liang, Bernard"]
[Black "De Vleeschauwer, Maarten"]
[Result "1/2-1/2"]
[WhiteElo "1698"]
[BlackElo "2139"]
[EventDate "2017.11.13"]
[PlyCount "83"]

1.d4 Nf6 2.Nf3 d5 3.Bf4 e6 4.e3 Be7 5.Bd3 b6 6.Qe2 Bb7 7.Nbd2 c5 8.Bxb8 
Qxb8 9.Bb5+ Kf8 10.c3 g6 11.Ne5 Kg7 12.O-O Qc8 13.Rfc1 Ne4 14.f3 Nxd2 15.
Qxd2 f6 16.Nd3 Bc6 17.Bxc6 Qxc6 18.Rc2 Rhd8 19.Re1 c4 20.Nf2 e5 21.Kh1 
exd4 22.exd4 Re8 23.Ng4 g5 24.Ne3 Bd6 25.Nf5+ Kg6 26.g4 Bf4 27.Qf2 Rxe1+ 
28.Qxe1 Re8 29.Re2 Kf7 30.Kg2 Rxe2+ 31.Qxe2 Qe8 32.Qf2 Qa4 33.Qe1 Qe8 34.
Qf2 Qe6 35.Kf1 h5 36.h3 hxg4 37.hxg4 Qe8 38.Qe2 a6 39.Qxe8+ Kxe8 40.Ke2 
Kd7 41.Kd1 $11 b5 42.Kc2 1/2-1/2